Central Library OPAC University of Rajshahi

মুক্তিযুদ্ধের গল্প / (Record no. 84828)

MARC details
000 -LEADER
fixed length control field 00741nam a2200217 a 4500
001 - CONTROL NUMBER
control field 84828
003 - CONTROL NUMBER IDENTIFIER
rucl marc code BD-RjUL
005 - DATE AND TIME OF LATEST TRANSACTION
control field 20250417144848.0
008 - FIXED-LENGTH DATA ELEMENTS--GENERAL INFORMATION
fixed length control field 250417s1984 bg ||||| |||| 00| 0 ben d
035 ## - SYSTEM CONTROL NUMBER
System control number (BD-RjUL)84828
040 ## - CATALOGING SOURCE
Original cataloging agency BD-RjUL
Language of cataloging eng
Transcribing agency BD-RjUL
041 ## - LANGUAGE CODE
Language code of text/sound track or separate title eng
082 ## - DEWEY DECIMAL CLASSIFICATION NUMBER
Edition number 23
Classification number 891.443
Author mark and year MUK 1984
245 ## - TITLE STATEMENT
Title মুক্তিযুদ্ধের গল্প /
Statement of responsibility, etc. সম্পাদনা আবুল হাসনাত
260 ## - PUBLICATION, DISTRIBUTION, ETC. (IMPRINT)
Place of publication, distribution, etc. ঢাকা :
Name of publisher, distributor, etc. সন্ধানী প্রকাশনী,
Date of publication, distribution, etc. [১৯৮৪?]
300 ## - PHYSICAL DESCRIPTION
Pagination ২৬৫ পৃ.;
Size ২২ সেমি.
650 ## - SUBJECT ADDED ENTRY--TOPICAL TERM
Topical term or geographic name as entry element বাংলা গল্প
Topical term or geographic name as entry element Bengali story
700 ## - ADDED ENTRY--PERSONAL NAME
Personal name হাসনাত, আবুল
942 ## - ADDED ENTRY ELEMENTS (KOHA)
Source of classification or shelving scheme Dewey Decimal Classification
Koha item type Books
Holdings
Lost status Source of classification or shelving scheme Damaged status Not for loan Collection code Permanent Location Current Location Shelving location Date acquired Source of acquisition Cost, normal purchase price Total Checkouts Full call number Date last seen Copy number Koha item type
  Dewey Decimal Classification   Not For Loan Fiction Central Library, University of Rajshahi Central Library, University of Rajshahi Reading Room 07/04/1984 Dhaka : Books & Periodical, 50.00   B 891.443 MUK 1984 17/04/2025 C-1 Books